<?xml version="1.0" encoding="UTF-8"?>
<marc:record xmlns:marc="http://www.loc.gov/MARC21/slim" type="Bibliographic">
   <marc:leader>00000pam a2200000 c 4500</marc:leader>
   <marc:controlfield tag="001">97145972X</marc:controlfield>
   <marc:controlfield tag="003">DE-101</marc:controlfield>
   <marc:controlfield tag="005">20240710010950.0</marc:controlfield>
   <marc:controlfield tag="007">tu</marc:controlfield>
   <marc:controlfield tag="008">040609s2004    gw ||||| |||| 00||||ger  </marc:controlfield>
   <marc:datafield ind1=" " ind2=" " tag="015">
      <marc:subfield code="a">04,A42,1567</marc:subfield>
      <marc:subfield code="z">04,N27,1869</marc:subfield>
      <marc:subfield code="2">dnb</marc:subfield>
   </marc:datafield>
   <marc:datafield ind1="7" ind2=" " tag="016">
      <marc:subfield code="2">DE-101</marc:subfield>
      <marc:subfield code="a">97145972X</marc:subfield>
   </marc:datafield>
   <marc:datafield ind1=" " ind2=" " tag="020">
      <marc:subfield code="a">9783855029181</marc:subfield>
      <marc:subfield code="c">Pp. : EUR 39.90, sfr 69.90</marc:subfield>
      <marc:subfield code="9">978-3-85502-918-1</marc:subfield>
   </marc:datafield>
   <marc:datafield ind1=" " ind2=" " tag="020">
      <marc:subfield code="a">3855029180</marc:subfield>
      <marc:subfield code="c">Pp. : EUR 39.90, sfr 69.90</marc:subfield>
      <marc:subfield code="9">3-85502-918-0</marc:subfield>
   </marc:datafield>
   <marc:datafield ind1="3" ind2=" " tag="024">
      <marc:subfield code="a">9783855029181</marc:subfield>
   </marc:datafield>
   <marc:datafield ind1=" " ind2=" " tag="035">
      <marc:subfield code="a">(DE-599)DNB97145972X</marc:subfield>
   </marc:datafield>
   <marc:datafield ind1=" " ind2=" " tag="035">
      <marc:subfield code="a">(OCoLC)76558629</marc:subfield>
   </marc:datafield>
   <marc:datafield ind1=" " ind2=" " tag="040">
      <marc:subfield code="a">1145</marc:subfield>
      <marc:subfield code="b">ger</marc:subfield>
      <marc:subfield code="c">DE-101</marc:subfield>
      <marc:subfield code="d">0292</marc:subfield>
   </marc:datafield>
   <marc:datafield ind1=" " ind2=" " tag="041">
      <marc:subfield code="a">ger</marc:subfield>
   </marc:datafield>
   <marc:datafield ind1=" " ind2=" " tag="044">
      <marc:subfield code="c">XA-DE</marc:subfield>
   </marc:datafield>
   <marc:datafield ind1="7" ind2="4" tag="082">
      <marc:subfield code="8">1\p</marc:subfield>
      <marc:subfield code="a">796</marc:subfield>
      <marc:subfield code="a">910</marc:subfield>
      <marc:subfield code="q">DE-101</marc:subfield>
      <marc:subfield code="2">22sdnb</marc:subfield>
   </marc:datafield>
   <marc:datafield ind1=" " ind2=" " tag="090">
      <marc:subfield code="a">b</marc:subfield>
   </marc:datafield>
   <marc:datafield ind1="0" ind2="0" tag="245">
      <marc:subfield code="a">Von Hütte zu Hütte in den Schweizer Alpen</marc:subfield>
      <marc:subfield code="c">Peter Donatsch. In Zusammenarbeit mit Bernhard Rudolf Banzhaf ...</marc:subfield>
   </marc:datafield>
   <marc:datafield ind1=" " ind2="1" tag="264">
      <marc:subfield code="a">Baden</marc:subfield>
      <marc:subfield code="a">München</marc:subfield>
      <marc:subfield code="b">AT-Verl.</marc:subfield>
      <marc:subfield code="c">2004</marc:subfield>
   </marc:datafield>
   <marc:datafield ind1=" " ind2=" " tag="300">
      <marc:subfield code="a">223 S.</marc:subfield>
      <marc:subfield code="b">überw. Ill., Kt.</marc:subfield>
      <marc:subfield code="c">29 cm</marc:subfield>
   </marc:datafield>
   <marc:datafield ind1=" " ind2=" " tag="336">
      <marc:subfield code="a">unbewegtes Bild</marc:subfield>
      <marc:subfield code="b">sti</marc:subfield>
      <marc:subfield code="2">rdacontent</marc:subfield>
   </marc:datafield>
   <marc:datafield ind1=" " ind2=" " tag="337">
      <marc:subfield code="a">ohne Hilfsmittel zu benutzen</marc:subfield>
      <marc:subfield code="b">n</marc:subfield>
      <marc:subfield code="2">rdamedia</marc:subfield>
   </marc:datafield>
   <marc:datafield ind1=" " ind2=" " tag="338">
      <marc:subfield code="a">Band</marc:subfield>
      <marc:subfield code="b">nc</marc:subfield>
      <marc:subfield code="2">rdacarrier</marc:subfield>
   </marc:datafield>
   <marc:datafield ind1=" " ind2=" " tag="520">
      <marc:subfield code="a">Hüttenwandern ist im Trend. Die Übernachtungsstatistiken des Schweizer Alpen Club belegen diese Tendenz. Nach dem großen Erfolg des Buches &gt;Die 100 schönsten Hüttenziele der Schweizer Alpen&lt; (5. Auflage) stellt der Autor in seinem neusten Buch die schönsten Wanderungen von Hütte zu Hütte vor. Hier werden nicht in erster Linie die Hütten beschrieben, sondern 20 Weitwanderungen, die Hütten und Berggasthäuser miteinander verbinden. Die Höhen- und Weitwanderwege sind als mehrtägige Routen beschrieben. Darunter sind sehr bekannte, aber auch unbekanntere Routen und eigentliche Geheimtipps. Die Länge der jeweiligen Tour lässt sich individuell - von zwei Tagen bis zu einer Woche - planen. Detaillierte Informationen über Zustiege, Wanderzeit, Schwierigkeiten, Charakter der Route sowie Zu- und Abstiegsvarianten erleichtern die Vorbereitung. Zahlreiche kompetente Mitautoren haben mit ihrem profunden Fachwissen mitgeholfen, dieses Wander- und Fotobuch der Extraklasse zu schaffen: Bernhard Rudolf Banzhaf, Ruedi Hählen, This Isler, Fredy Joss, Felix Ortlieb, François Perraudin und Philipp Werlen. Aus dem Inhalt Vorbereitung, Ausrüstung, Sicherheit Wanderperlen in den Schweizer Alpen Alpstein-&gt;Rondom&lt; Von Unterwasser nach Wasserauen Toggenburger Höhenweg und Walensee Von Mosnang nach Wildhaus Werdenberger Wege Rundwanderung mit Ausgangs- und Endpunkt Sargans St. Galler Oberländer Haute Route Murg-Flims Rund ums Glarnerland Rundwanderung mit Start- und Zielort Näfels Rätikon-Höhenweg Maienfeld-Klosters Von der Greina zum Gotthard Vrin-Airolo Wege durch den Schweizerischen Nationalpark S-chanf-Scuol Sentiero Alpino Calanca San Bernardino-Sta Maria i. C. Das Göschenertal auf und ab Furkapass-Wassen Maderanertal - hoch hinein und tief hinaus Erstfeld-Bristen Vom Gotthard in die Leventina Bedretto-Rodi Vom Thunersee ins Lauterbrunnental Äschiried-Stechelberg Blüemlisalp-Höhenweg Kandersteg-Kiental Rund ums Wildhorn Gsteig b. Gstaad-Lauenensee Gastlosen und Vanil Noir Jaun-Grandvillard Europa-Fernwanderweg Gspon-Zermatt An der Sprachgrenze Les Haudères-St. Niklaus Rund um Zinal Rundwanderung um Zinal Tour du Val de Bagnes Rundwanderung von Le Châble aus</marc:subfield>
   </marc:datafield>
   <marc:datafield ind1=" " ind2="7" tag="650">
      <marc:subfield code="0">(DE-588)4120998-9</marc:subfield>
      <marc:subfield code="0">https://d-nb.info/gnd/4120998-9</marc:subfield>
      <marc:subfield code="0">(DE-101)041209982</marc:subfield>
      <marc:subfield code="a">Bergwandern</marc:subfield>
      <marc:subfield code="9">rswk-swf</marc:subfield>
      <marc:subfield code="2">gnd</marc:subfield>
   </marc:datafield>
   <marc:datafield ind1=" " ind2="7" tag="651">
      <marc:subfield code="0">(DE-588)4077275-5</marc:subfield>
      <marc:subfield code="0">https://d-nb.info/gnd/4077275-5</marc:subfield>
      <marc:subfield code="0">(DE-101)040772756</marc:subfield>
      <marc:subfield code="a">Schweizer Alpen</marc:subfield>
      <marc:subfield code="9">rswk-swf</marc:subfield>
      <marc:subfield code="2">gnd</marc:subfield>
   </marc:datafield>
   <marc:datafield ind1=" " ind2=" " tag="653">
      <marc:subfield code="a">(VLB-FS)Bergwanderungen</marc:subfield>
   </marc:datafield>
   <marc:datafield ind1=" " ind2=" " tag="653">
      <marc:subfield code="a">(VLB-FS)Schweiz</marc:subfield>
   </marc:datafield>
   <marc:datafield ind1=" " ind2=" " tag="653">
      <marc:subfield code="a">(VLB-PF)BB: Gebunden</marc:subfield>
   </marc:datafield>
   <marc:datafield ind1=" " ind2="7" tag="655">
      <marc:subfield code="0">(DE-588)4155569-7</marc:subfield>
      <marc:subfield code="0">https://d-nb.info/gnd/4155569-7</marc:subfield>
      <marc:subfield code="0">(DE-101)041555694</marc:subfield>
      <marc:subfield code="a">Führer</marc:subfield>
      <marc:subfield code="2">gnd-content</marc:subfield>
   </marc:datafield>
   <marc:datafield ind1=" " ind2="7" tag="655">
      <marc:subfield code="a">Führer</marc:subfield>
      <marc:subfield code="9">rswk-swf</marc:subfield>
      <marc:subfield code="2">gnd</marc:subfield>
   </marc:datafield>
   <marc:datafield ind1="0" ind2="0" tag="689">
      <marc:subfield code="0">(DE-588)4077275-5</marc:subfield>
      <marc:subfield code="0">https://d-nb.info/gnd/4077275-5</marc:subfield>
      <marc:subfield code="0">(DE-101)040772756</marc:subfield>
      <marc:subfield code="D">g</marc:subfield>
      <marc:subfield code="a">Schweizer Alpen</marc:subfield>
   </marc:datafield>
   <marc:datafield ind1="0" ind2="1" tag="689">
      <marc:subfield code="0">(DE-588)4120998-9</marc:subfield>
      <marc:subfield code="0">https://d-nb.info/gnd/4120998-9</marc:subfield>
      <marc:subfield code="0">(DE-101)041209982</marc:subfield>
      <marc:subfield code="D">s</marc:subfield>
      <marc:subfield code="a">Bergwandern</marc:subfield>
   </marc:datafield>
   <marc:datafield ind1="0" ind2="2" tag="689">
      <marc:subfield code="A">f</marc:subfield>
      <marc:subfield code="a">Führer</marc:subfield>
   </marc:datafield>
   <marc:datafield ind1="0" ind2=" " tag="689">
      <marc:subfield code="5">DE-101</marc:subfield>
      <marc:subfield code="5">DE-101</marc:subfield>
   </marc:datafield>
   <marc:datafield ind1="1" ind2=" " tag="700">
      <marc:subfield code="0">(DE-588)121642887</marc:subfield>
      <marc:subfield code="0">https://d-nb.info/gnd/121642887</marc:subfield>
      <marc:subfield code="0">(DE-101)121642887</marc:subfield>
      <marc:subfield code="a">Donatsch, Peter</marc:subfield>
      <marc:subfield code="d">1958-</marc:subfield>
      <marc:subfield code="e">Herausgeber</marc:subfield>
      <marc:subfield code="4">edt</marc:subfield>
      <marc:subfield code="2">gnd</marc:subfield>
   </marc:datafield>
   <marc:datafield ind1="1" ind2=" " tag="700">
      <marc:subfield code="0">(DE-588)120971569</marc:subfield>
      <marc:subfield code="0">https://d-nb.info/gnd/120971569</marc:subfield>
      <marc:subfield code="0">(DE-101)120971569</marc:subfield>
      <marc:subfield code="a">Banzhaf, Bernhard Rudolf</marc:subfield>
      <marc:subfield code="d">1952-</marc:subfield>
      <marc:subfield code="e">Mitwirkender</marc:subfield>
      <marc:subfield code="4">ctb</marc:subfield>
      <marc:subfield code="2">gnd</marc:subfield>
   </marc:datafield>
   <marc:datafield ind1=" " ind2=" " tag="850">
      <marc:subfield code="a">DE-101a</marc:subfield>
      <marc:subfield code="a">DE-101b</marc:subfield>
   </marc:datafield>
   <marc:datafield ind1="4" ind2="2" tag="856">
      <marc:subfield code="m">B:DE-101</marc:subfield>
      <marc:subfield code="q">application/pdf</marc:subfield>
      <marc:subfield code="u">https://d-nb.info/97145972X/04</marc:subfield>
      <marc:subfield code="3">Inhaltsverzeichnis</marc:subfield>
   </marc:datafield>
   <marc:datafield ind1="2" ind2=" " tag="883">
      <marc:subfield code="8">1\p</marc:subfield>
      <marc:subfield code="a">dnb</marc:subfield>
      <marc:subfield code="d">20160229</marc:subfield>
      <marc:subfield code="q">DE-101</marc:subfield>
      <marc:subfield code="u">https://d-nb.info/provenance/plan#dnb</marc:subfield>
   </marc:datafield>
   <marc:datafield ind1="r" ind2=" " tag="925">
      <marc:subfield code="a">ra</marc:subfield>
   </marc:datafield>
</marc:record>
